000 00477nam a2200181Ia 4500
005 20250326141442.0
008 250326s9999 xx 000 0 und d
037 _aTextbook
040 _aFMSL
_beng
_cFMSL
041 _aeng
_2eng
084 _qFMSL
100 _aRana Kulwant
_9744496
245 0 _aIndian Industry in the 90's
_cRana Kulwant
260 _aNew Delhi
_bNew Delhi, Commonwealth Pub.
_c1991
300 _a479p
942 _cTB
999 _c1290378
_d1290378